02392nam a22002537a 450000500170000000800410001702000180005804000070007604100080008308200160009110000230010724500670013026000360019730000270023336500650026052015400032565000210186565000350188665000250192165000250194694200120197199900190198395201360200220251018094715.0251018b |||||||| |||| 00| 0 eng d a9780143477587 cAL aeng a006.3bSETH aNitin Seth9242484 aHuman edge in the AI ageb: eight timeless mantras for success aHaryanabPenguin Businessc2025 axl,454pbHBc24x15.5cm 2GeneralaLKo1-3754584b₹495.00c₹d₹495.00e07-10-2025 aA seismic shift is underway―one that will redefine work, value, and even what it means to be human. Artificial Intelligence is not just disrupting industries―it’s beginning to outperform humans in areas once considered exclusively ours: complex reasoning, creativity, even emotional intelligence. As AI accelerates, it will displace millions of jobs―while also creating once-in-a-generation opportunities for those ready to build, innovate, and lead. This profound duality raises the defining question of our time: In a world where machines can learn, decide, and simulate emotion―what remains uniquely human? And how do we protect, strengthen, and evolve that edge? In Human Edge in the AI Age, bestselling author and global tech leader Nitin Seth offers a powerful and deeply personal answer. Drawing on decades of leadership across McKinsey, Fidelity, Flipkart, and Incedo―and rooted in the timeless wisdom of Indian philosophy―he reframes the AI debate through a human lens. At the heart of the book is POSSIBLE: an eight-dimensional framework that unlocks the core human strengths that will define success in the AI era―including problem-solving, openness, spirituality, balance, leadership, and the spirit of entrepreneurship. Whether you're a student stepping into an uncertain future, a professional navigating change, or a leader shaping what comes next, this is your blueprint for thriving―not in spite of AI, but because of what makes you human. The future is POSSIBLE. Let’s lead it with the human edge. aTeamwork9242478 aProblem Solving Skills9242479 aSpirituality9242480 aEntrepreneur9242481 2ddccBK c240576d240576 00102ddc40708GENaALbALcSKd2025-10-14eamazon.ing495.00l0o006.3 SETHp077919r2025-10-18 09:43:55v495.00w2025-10-07yBK